Informalidad laboral en la provincia de Mendoza (Registro nro. 3905)

Detalles MARC
000 -LEADER
fixed length control field 01040 a2200265 4500
001 - CONTROL NUMBER
control field 45054
005 - DATE AND TIME OF LATEST TRANSACTION
control field 20260407155726.0
008 - FIXED-LENGTH DATA ELEMENTS--GENERAL INFORMATION
fixed length control field 260407a2011 arg spa d
003 - CONTROL NUMBER IDENTIFIER
control field AR-UNSa-BCEJYS
040 ## - CATALOGING SOURCE
Original cataloging agency AR-UNSa-BCEJYS
Language of cataloging spa
Transcribing agency AR-UNSa-BCEJYS
080 ## - UNIVERSAL DECIMAL CLASSIFICATION NUMBER
Universal Decimal Classification number 331.5
Common auxiliary subdivision Mercado de Trabajo. Empleo
020 ## - INTERNATIONAL STANDARD BOOK NUMBER
International Standard Book Number 978-92-2-325605-0
041 ## - LANGUAGE CODE
Language code of text/sound track or separate title spa
100 1# - MAIN ENTRY--PERSONAL NAME
Personal name Mercau, Raúl
245 10 - TITLE STATEMENT
Title Informalidad laboral en la provincia de Mendoza
Name of part/section of a work Características y políticas para promover la formalización
264 #1 - PRODUCTION, PUBLICATION, DISTRIBUTION, MANUFACTURE, AND COPYRIGHT NOTICE
Place of production, publication, distribution, manufacture Buenos Aires :
Name of producer, publisher, distributor, manufacturer OIT
Date of production, publication, distribution, manufacture, or copyright notice 2011
300 ## - PHYSICAL DESCRIPTION
Extent 118 p.
Dimensions 30 cm.
505 ## - FORMATTED CONTENTS NOTE
Formatted contents note 1.Caracterización de la informalidad en la Provincia de Mendoza – 2. Políticas en la Provincia de Mendoza destinadas a aumentar la formalidad – 3. Consideraciones finales.
590 ## - LOCAL NOTE (RLIN)
Local note niveau_biblio:m niveau_hierar:0
700 1# - ADDED ENTRY--PERSONAL NAME
Personal name Bertranou, Fabio
700 1# - ADDED ENTRY--PERSONAL NAME
Personal name Jardel, Silvia
700 1# - ADDED ENTRY--PERSONAL NAME
Personal name González, Rodrigo
856 41 - ELECTRONIC LOCATION AND ACCESS
Uniform Resource Identifier <a href="https://www.biblioeco.unsa.edu.ar/pmb/images/libros/L127076.jpg">https://www.biblioeco.unsa.edu.ar/pmb/images/libros/L127076.jpg</a>
Link text Imagen de portada
Electronic format type image/jpeg
942 ## - ADDED ENTRY ELEMENTS (KOHA)
Koha item type
Existencias
Withdrawn status Lost status Damaged status Not for loan Home library Current library Shelving location Date acquired Total checkouts Full call number Barcode Date last seen Price effective from Koha item type
        Biblioteca Prof. Eusebio Cleto del Rey Biblioteca Prof. Eusebio Cleto del Rey   07/04/2026   331.5 B548p L127076 07/04/2026 07/04/2026 Libro